000 00590nam a22002057a 4500
942 _cBK
999 _c630
_d630
005 20250420134819.0
008 200816b ||||| |||| 00| 0 eng d
020 _a9781137507396
040 _cKCST
082 _a425
_bCo En
100 _aCollins, Peter,
_d1950-
_95129
245 _aEnglish grammar :
_ban introduction /
_cPeter Collins; Carmella Hollo
250 _a3rd edition
260 _aBasingstoke, Hampshire :
_bPalgrave Macmillan,
_c2017.
300 _a306 p.
650 _aEnglish language
_vGrammar.
_95130
700 _aHollo, Carmella
_95131
942 _2ddc